Fundamentalism,Musharraf and the Great Double Game in North-West Pakistan. (Record no. 348735)

000 -LEADER
fixed length control field 00475 a2200169 4500
020 ## - INTERNATIONAL STANDARD BOOK NUMBER
International Standard Book Number 9781456770167
022 ## - INTERNATIONAL STANDARD SERIAL NUMBER
International Standard Serial Number 9781456770167
082 ## - DEWEY DECIMAL CLASSIFICATION NUMBER
Classification number 954.549122
090 ## - LOCALLY ASSIGNED LC-TYPE CALL NUMBER (OCLC); LOCAL CALL NUMBER (RLIN)
-- 6370
-- 6370
100 ## - MAIN ENTRY--PERSONAL NAME
Personal name Khattak,A.Rauf Khan
245 ## - TITLE STATEMENT
Title Fundamentalism,Musharraf and the Great Double Game in North-West Pakistan.
Statement of responsibility, etc. A.Rauf Khan Khattak.
250 ## - EDITION STATEMENT
Edition statement 1st.
260 ## - PUBLICATION, DISTRIBUTION, ETC.
Place of publication, distribution, etc. USA.
Name of publisher, distributor, etc. Author House.
Date of publication, distribution, etc. 2011.
300 ## - PHYSICAL DESCRIPTION
Extent 356p.
500 ## - GENERAL NOTE
General note Paper cover.
942 ## - ADDED ENTRY ELEMENTS (KOHA)
Institution code [OBSOLETE] NBS
Koha item type Book
Call number prefix 954.549122 KHA
Holdings
Withdrawn status Lost status Source of classification or shelving scheme Damaged status Not for loan Permanent Location Current Location Date acquired Full call number Barcode Date last seen Price effective from Koha item type Public note
  Write Off       Central Library (CL) Central Library (CL) 08/28/2013 954.549122 KHA NBS8637 08/28/2013 08/28/2013 Book Write off File No.0908/IRC/NBS Dated Aug 16, 2018
© 2023 Central Library, National University of Sciences and Technology. All Rights Reserved.